| 000 | 00421cam a2200181ua 4500 | ||
|---|---|---|---|
| 020 | _c3.00 | ||
| 041 |
_ahin _h |
||
| 082 |
_a891.43 _bCAR/SA |
||
| 100 | _aCarson, Rachel L . | ||
| 245 |
_aSagar ki khoj / _cRachel L Carson. _hTextual Documents |
||
| 250 |
_a1 / _b. |
||
| 260 |
_a : _bRajpal and Sanch , _c1951. |
||
| 300 | _a234 ; . | ||
| 365 | _a3.00 | ||
| 504 | _a | ||
| 942 | _cBK | ||
| 999 |
_c12152 _d12152 |
||